000 00837nam a2200253 i 4500
001 000013679
003 DO-SdBNP
005 20240605101510.0
007 ta
008 091127s1995 dr 000 0 spa d
040 _aDO-SdBNP
_bspa
_cBNPHU
_erda
049 _aBNPD
082 4 _bA948r
_222
100 1 _aAvelino , Francisco Antonio,
_d1935-
_955440
_eautor
245 1 0 _aReflexiones sobre algunas cumbres del pasado ideológico dominicano /
_cFrancisco Antonio Avelino.
264 _aSanto Domingo :
_blugar no identificado,
_c1995.
300 _a249 páginas ;
_c22 cm.
336 _2rdacontent
_atexto
_btxt
337 _2rdamedia
_asin mediación
_bn
338 _2rdacarrier
_avolumen
_bnc
500 _aIncluye referencias bibliográficas y notas al pie de las páginas
590 _aInventariado, 2024/BT
942 _2ddc
_cLBS1
999 _c13293
_d13293